Roseanne - Statistics

General Stats
  • This quiz has been taken 322 times
  • The average score is 9 of 15
Answer Stats
Hint Answer % Correct
How many children do the Conner's have at the beginning of the show's airing? 3
99%
How many seasons did the show air? 9
94%
What holiday do the Conner's go all out on? Halloween
83%
What female character comes out of the closet in season 5? Nancy
74%
What was the name of the restaurant that Roseanne, Jackie, Bev and Nancy own? The Lunchbox
74%
What big family vacation did the Conners go on in season 8? Disney World
65%
Who does Bev sell her share of the Lunchbox to? Leon
64%
What is the name of Jackie's abusive boyfriend that Dan gets arrested for beating up? Fisher
61%
Who is the father of Jackie's baby Andy? Fred
61%
What does DJ stand for? David Jacob
57%
When Becky and Mark elope, what state do they move to? Minnesota
51%
When David Healy first appears on Roseanne he wasn't introduced as David. What was his name? Kevin
43%
Who gives money to Dan to help buy the bike shop? Ziggy
42%
Where does Roseanne work in the first season? Wellman Plastics
36%
What is the name of David and Darlene's baby? Harris Conner Healy
27%
No matching quizzes found
Score Distribution
Percent of People with Each Score
Percentile by Number Answered
Your Score History
You have not taken this quiz